| 000 | 02261ncm0a2200445 4500 | ||
|---|---|---|---|
| 001 | RU\NLR\ONIZ\219448 | ||
| 005 | 20250626085115.0 | ||
| 013 | _a979-0-706431-74-1 | ||
| 021 |
_aRU _b17-71н _917-4н |
||
| 035 | _aRU\NLR\ONIZ\GALA\5000031173\20170830113854 | ||
| 035 | _a(NLR Aleph) 011535027 | ||
| 071 | 2 | 0 | _a12006 |
| 090 |
_a12164702 _c12164702 |
||
| 100 | _a20170830d2017 |||y0rusy50 ca | ||
| 101 | 0 | _arus | |
| 102 | _aRU | ||
| 125 | _aax | ||
| 145 | 0 | _ab | |
| 200 | 1 |
_aСюита _bНоты _aОбработка русских народных песен _eсцены из крестьянской жизни (Народный лубок) _fА. Никитин |
|
| 210 |
_aМосква _cКомпозитор _d2017 |
||
| 215 |
_a57 с. _d29 см |
||
| 327 | 1 | _a1. Весна пришла: рус. нар. песни в обраб. [для хоров разных составов a cappella]: op. 19 № 1 ; 2. Сюита: для хоров a'cappella: op. 20 / стихи С. Дрожжина ; либр. Л. Егоровой ; 3. Уснуло озеро : для смеш. хора a cappella / стихи А. Фета | |
| 606 | 1 |
_aРусские народные песни в обработке для хора _jНоты _2nlr_sh |
|
| 606 | 1 |
_aПроизведения для хора без сопровождения _yРоссия _z20-21 вв. _jНоты _2nlr_sh |
|
| 686 |
_aЩ941.0-0-092(2Р=Рус)я43 _vLBC/SL _2rubbk |
||
| 686 |
_aЩ941.0-043.2я44(2Р) _vLBC/SL _2rubbk |
||
| 700 | 1 |
_9z01790 _aНикитин _bА. П. _gАлександр Петрович _4230 |
|
| 702 | 1 |
_9z02790 _aФет _bА. А. _f1820-1892 _gАфанасий Афанасьевич _4520 _7ca |
|
| 702 | 1 |
_9z03790 _aДрожжин _bС. Д. _f1848-1930 _gСпиридон Дмитриевич _4520 _7ca |
|
| 790 | 1 |
_9z01700 _aNikitin _bA. P. _gAleksandr Petrovich _4230 |
|
| 790 | 1 |
_9z02702 _aFet _bA. A. _f1820-1892 _gAfanasij Afanas`evič _4520 _7ba |
|
| 790 | 1 |
_9z03702 _aDrozhzhin _bS. D. _f1848-1930 _gSpiridon Dmitrievich _4520 _7ba |
|
| 801 | 0 |
_aRU _bNLR _c20170830 _gPSBO |
|
| 801 | 1 |
_aRU _bNLR _c20170830 _2rusmarc |
|
| 801 | 2 |
_aRU _bNLR _c20190121 |
|
| 852 |
_aNLR _bМ _jК-3/28783 _pМОЭ 2017-4н/71н _t1 |
||
| 942 | _cSCORE | ||
| 980 | _aNB | ||
| 980 | _aONIZ | ||